Handbook of coal analysis / (Record no. 355990)
[ view plain ]
| 000 -LEADER | |
|---|---|
| fixed length control field | 01318cam a2200361 i 4500 |
| 001 - CONTROL NUMBER | |
| control field | 11532459 |
| 003 - CONTROL NUMBER IDENTIFIER | |
| control field | USPCAS-E |
| 005 - DATE AND TIME OF LATEST TRANSACTION | |
| control field | 20180118181420.0 |
| 006 - FIXED-LENGTH DATA ELEMENTS--ADDITIONAL MATERIAL CHARACTERISTICS | |
| fixed length control field | m d |
| 007 - PHYSICAL DESCRIPTION FIXED FIELD--GENERAL INFORMATION | |
| fixed length control field | cr n |
| 008 - FIXED-LENGTH DATA ELEMENTS--GENERAL INFORMATION | |
| fixed length control field | 141105t20152015njua sbf 001 0 eng d |
| 020 ## - INTERNATIONAL STANDARD BOOK NUMBER | |
| International Standard Book Number | 9781118369241 |
| 035 ## - SYSTEM CONTROL NUMBER | |
| System control number | (WaSeSS)ssj0001458902 |
| 040 ## - CATALOGING SOURCE | |
| Original cataloging agency | DLC |
| Language of cataloging | eng |
| Description conventions | rda |
| Transcribing agency | DLC |
| Modifying agency | DLC |
| -- | WaSeSS |
| 042 ## - AUTHENTICATION CODE | |
| Authentication code | pcc |
| 050 #4 - LIBRARY OF CONGRESS CALL NUMBER | |
| Classification number | TP325 |
| Item number | .S7145 2015 |
| 050 #4 - LIBRARY OF CONGRESS CALL NUMBER | |
| Classification number | TP325 |
| 082 00 - DEWEY DECIMAL CLASSIFICATION NUMBER | |
| Classification number | 662.622 |
| Edition number | 23 |
| Author Mark | R-SPE 2015 |
| 100 1# - MAIN ENTRY--PERSONAL NAME | |
| Personal name | Speight, James G., |
| Relator term | author. |
| 210 10 - ABBREVIATED TITLE | |
| Abbreviated title | Handbook of coal analysis / |
| 245 10 - TITLE STATEMENT | |
| Title | Handbook of coal analysis / |
| Statement of responsibility, etc. | James G. Speight. |
| 250 ## - EDITION STATEMENT | |
| Edition statement | Second edition. |
| 490 0# - SERIES STATEMENT | |
| Series statement | Chemical analysis ; |
| Volume/sequential designation | volume 182 |
| 502 ## - DISSERTATION NOTE | |
| Dissertation note | . |
| 504 ## - BIBLIOGRAPHY, ETC. NOTE | |
| Bibliography, etc. note | Includes bibliographical references and index. |
| 506 ## - RESTRICTIONS ON ACCESS NOTE | |
| Terms governing access | License restrictions may limit access. |
| 650 #0 - SUBJECT ADDED ENTRY--TOPICAL TERM | |
| Topical term or geographic name entry element | Coal |
| General subdivision | Analysis |
| Form subdivision | Handbooks, manuals, etc. |
| 773 #0 - HOST ITEM ENTRY | |
| Title | Wiley-Blackwell Online Books |
| 776 08 - ADDITIONAL PHYSICAL FORM ENTRY | |
| Relationship information | Online version: |
| Main entry heading | Speight, James G. |
| Title | Handbook of coal analysis |
| Edition | 2nd edition. |
| Place, publisher, and date of publication | Hoboken, New Jersey : John Wiley & Sons, Inc., [2015] |
| International Standard Book Number | 9781119037910 |
| Record control number | (DLC) 2014043888 |
| 856 40 - ELECTRONIC LOCATION AND ACCESS | |
| Uniform Resource Identifier | <a href="http://www.columbia.edu/cgi-bin/cul/resolve?clio11532459">http://www.columbia.edu/cgi-bin/cul/resolve?clio11532459</a> |
| Public note | Full text available from Wiley-Blackwell Online Books |
| 910 ## - USER-OPTION DATA (OCLC) | |
| User-option data | Library of Congress record |
| 942 ## - ADDED ENTRY ELEMENTS (KOHA) | |
| Source of classification or shelving scheme | |
| Koha item type | Reference |
| Withdrawn status | Lost status | Source of classification or shelving scheme | Damaged status | Not for loan | Collection code | Permanent Location | Current Location | Shelving location | Date acquired | Source of acquisition | Cost, normal purchase price | Total Checkouts | Full call number | Barcode | Date last seen | Price effective from | Koha item type |
|---|---|---|---|---|---|---|---|---|---|---|---|---|---|---|---|---|---|
| Not For Loan | US-Pakistan Center for Advanced Studies in Energy (USPCAS-E) | US-Pakistan Center for Advanced Studies in Energy (USPCAS-E) | 01/28/2016 | Golden books | 10500.00 | 662.622 R-SPE 2015 | CAS-E0001457 | 01/28/2016 | 01/28/2016 |
